000 00514ntaaa2200193 4500
003 01
005 20251027202145.0
008 0714s1973 ag 01
040 _aAR-BaBN
_bspa
_cAR-BaBN
_eaacr
_dRIC
082 _a264.1000 En8
100 _aEntzminger, W.E.
_920079
245 _aA prática da oracao
250 _a1 ed.
260 _aRío de Janeiro :
_bConvencao Batista Brasileira,
_c1958
300 _a118 p
500 _aAspectos sobre la práctica de la oración
650 _aoración
_91331
942 _cBK
999 _c16541
_d16541